Wealthiest Cities in Africa - Statistics

General Stats
  • This quiz has been taken 859 times
  • The average score is 7 of 9
Answer Stats
Total Wealth Answer % Correct
$113b Cairo
99%
$123b Cape Town
97%
$226b Johannesburg
95%
$88b Lagos
93%
$39b Casablanca
81%
$47b Nairobi
80%
$42b Pretoria
74%
$55b Durban
67%
$32b Accra
61%
No matching quizzes found
Score Distribution
Percent of People with Each Score
Percentile by Number Answered
Your Score History
You have not taken this quiz